Ciencias Naturales: Biología 1º año Medio, texto para el estudiante

Gorde:
Xehetasun bibliografikoak
Egile Nagusiak: Villagra Massera, Lorenzo (Egilea), Cataldo Ramos, Juan (Egilea), Cerda Bascuñán, César (Egilea)
Erakunde egilea: Ministerio de Educación (Egilea)
Formatua: Liburua
Hizkuntza:gaztelania
Argitaratua: Santiago McGraw Hill Interamericana 2003
Gaiak:
Etiketak: Etiketa erantsi
Etiketarik gabe, Izan zaitez lehena erregistro honi etiketa jartzen!

MARC

LEADER 00000nam a2200000 a 4500
001 UCH6582
003 CL-VaPUC
008 091109e20030000CL |||||||||||||||||spa|d
020 |a 9562781356 
082 0 4 |a 570.712  |b VIL  |2 21 
100 0 |a Villagra Massera, Lorenzo  |e author  |9 543173 
700 0 |a Cataldo Ramos, Juan  |e author  |9 543174 
700 0 |a Cerda Bascuñán, César  |e author  |9 543175 
110 2 |a Ministerio de Educación  |e author  |9 543176 
245 1 0 |a Ciencias Naturales: Biología 1º año Medio, texto para el estudiante 
300 |a 255 p 
942 |c BK 
945 |d 20091109 00:00:00  |a lazolas 
260 |a Santiago  |b McGraw Hill Interamericana  |c 2003 
650 0 |a Educación científica   |9 307484 
650 7 |a BIOLOGIA - METODOS DE ENSEÑANZA  |2 CL-VaPUC  |9 489406 
650 0 |a Libros de texto  |9 270019 
583 |a last modification  |c 20190610 15:15:06  |k Rodrigo Vera 
999 |c 337447  |d 337445